000 00478nam a2200181Ia 4500
005 20250923144505.0
008 008 250917s9999 xx 000 0 eng d
037 _aTextual
040 _aDSWL
_beng
_cDSWL
041 _aeng
_2eng
084 _qDSWL
245 0 _apart-II - A general sample tables
_cby Census of India 1988
260 _aShillong
_bAssam Govt Press
_c1953
300 _avi,189p.
490 _vVol-XII
942 _cTEXL
999 _c1439554
_d1439554